00330 a2200133 450000100060000002000060000604000220001210000230003424000550005724500500011230000080016236200090017065000170017961833 a  cAnchieta - Pituba aSérates, Jonofon10aSistemas de medidas decimais e não decimaislpor10aSistemas de medidas decimais e não decimais a1280 a1999 4aMatemática